000 00670nam a22002417a 4500
003 UA-OsUOA
001 53442
007 ta
008 20151022b un ||||| |||| 00| 0 ukr d
100 _aТихий Д.
090 _a09.-82-3
_bТ46
942 _cBR
040 _aUA-OsUOA
_bukr
_cUA-OsUOA
_dUA-OsUOA
245 _aКазка старого млина
300 _a16 с.
955 _a3
041 _aukr
080 _a09.-82-3
260 _aНа чужині
_c1946
650 7 _a0 Загальний відділ.
_2UDC
999 _c433560
_d433560